000 00186 a2200097 4500
020 _a9780075822455
041 _aspa
100 _aOspina, Monica
245 _aMensaje en Clave
942 _cBK
999 _c9796
_d9796